Responses for Show #8149 - Thursday, January 30, 2020

Contestants

[<< previous game]

David Haughney, an accounting manager from Seattle, Washington

Michelle Paul, a managing director from Newark, Delaware

Joshua Swiger, a private tour company owner from Kapolei, Hawaii (whose 1-day cash winnings total $16,400)

[next game >>]

Jeopardy! Round responses

BOOTS
THE WORLD OF THE 1800s
STOP IT!
WEBSITES
AUTHOR LAST NAME IN COMMON
BIG PLAY IN THE TEAM'S SUPER BOWL WIN
(Alex: You have to name the winning team.)
    $200 1
waders

David
    $200 16
the Ottoman Empire

David
    $200 2
curb

Michelle
    $200 23
(Joshua: What is GoFundMe?)

Kickstarter

JoshuaDavid
    $200 25
Miller

David
    $200 27
[The end-of-round signal sounds.]

the New York Giants

Triple Stumper
    $2,000 11
(Michelle: Uh, what is soccer?)

polo

Michelle
    $400 17
Josephine

Michelle
    $400 3
terminate

Michelle
    $400 7
The Huffington Post

Joshua
    $400 15
Wolfe

Michelle
    $600 21
(Michelle: Mm, nope.)

The Beatles

Michelle
Triple Stumper
    $600 18
childbirth

Michelle
    $600 4
balk

Joshua
    $600 8
blogs

David
    $600 12
Collins

Michelle
    $600 26
the Bears

Joshua
    $800 22
(Alex: Less than a minute now, Josh.)

granny boots

Triple Stumper
    $800 19
(David: Uh, what is Mormonism?)

the Book of Mormon

MichelleDavid
    $800 5
cease & desist

Michelle
    $800 9
Pandora

Joshua
    $800 13
White

David
    $1000 24
crampons

Joshua
    $1000 20
Manifest Destiny

Joshua
    $1000 6
refrain

Michelle
    $1000 10
Reddit

Michelle
    $1000 14
Fielding

Michelle

Scores at the first commercial break (after clue 15):

Joshua Michelle David
$1,800 $3,400 $1,600

Scores at the end of the Jeopardy! Round:

Joshua Michelle David
$4,200 $4,600 $1,400

Double Jeopardy! Round responses

REBOOTS
CAPITAL ISLANDS
THAT'S POLITICS
Y IS THE ONLY VOWEL
MEDICAL PROCEDURES
WHO SPEAKETH IN THE BIBLE?
    $400 29
Ghostbusters

Joshua
    $400 1
Jamaica

Michelle
    $400 27
Beto

Joshua
    $400 26
a gym

David
    $400 30
a biopsy

Michelle
    $400 22
Pontius Pilate

Joshua
    $800 20
24

Joshua
    $800 4
Manila

David
    $800 25
(Mike) Huckabee

David
    $800 2
thy

Joshua
    $800 28
a spinal tap

Michelle
    $800 23
Solomon

Michelle
    $1200 15
(David: What is Hawaii Five-0?)
...
[Joshua touches his floral print shirt.]

Magnum P.I.

JoshuaDavid
    $1200 3
Antigua

David
    $1200 18
a lame duck

David
    $1200 12
hymns

Michelle
    $1200 11
liposuction

Michelle
    $1200 8
Paul (Saul)

Triple Stumper
    $1600 16
The A-Team

Joshua
    $1600 5
Turks and Caicos

Joshua
    $1600 17
gerrymandering

Joshua
    $1600 13
a lynx

David
    $1600 10
cross-matching

Joshua
    $1600 7
(Joshua: Who is Saul?)

Samson

Joshua
Triple Stumper
    $2000 24
(Zachary) Quinto

Joshua
    $2000 6
(Joshua: What is Amsterdam?)
(David: What is Brussels?)

Copenhagen

JoshuaDavid
Triple Stumper
    $2000 19
opposition research

Michelle
    $2000 14
a cyst

Michelle
    $5,000 21
cornea

Joshua
    $3,000 9
Gabriel

Joshua

Scores at the end of the Double Jeopardy! Round:

Joshua Michelle David
$21,000 $13,400 $4,200

[wagering suggestions for these scores]

Final Jeopardy! Round responses

ADVERTISING & MUSIC
DavidWhat is Sweet Home Alabama?
$3,577
MichelleWhat is Sweet Home Alabama?
$4,500
JoshuaWhat is Georgia Carolina On My Mind
$7,500
"Sweet Home Alabama"

Final scores:

Joshua Michelle David
$13,500 $17,900 $7,777
2nd place: $2,000 New champion: $17,900 3rd place: $1,000

Game dynamics:

Coryat scores:

Joshua Michelle David
$17,000 $15,400 $4,200
19 R
(including 2 DDs),
3 W
19 R,
2 W
(including 1 DD)
12 R,
3 W

Combined Coryat: $36,600

[game clues] [game scores] [suggest correction]

Game tape date: 2019-11-19
The J! Archive is created by fans, for fans. Scraping, republication, monetization, and malicious use prohibited; this site may use cookies and collect identifying information. See terms. The Jeopardy! game show and all elements thereof, including but not limited to copyright and trademark thereto, are the property of Jeopardy Productions, Inc. and are protected under law. This website is not affiliated with, sponsored by, or operated by Jeopardy Productions, Inc. Join the discussion at JBoard.tv.